[Event "SK Sodingen/Castrop 1 - SVG Plettenberg"]
[Site "NRW-Klasse - Gruppe 2 2018/20"]
[Date "2019.03.17"]
[Round "7.4"]
[White "Werrn, Pascal"]
[Black "Klip, Hans"]
[Result "0-1"]
[WhiteElo "2050"]
[BlackElo "2255"]
[PlyCount "38"]
[EventDate "2019.??.??"]
[WhiteTeam "SK Sodingen/Castrop 1"]
[BlackTeam "SVG Plettenberg 1"]

1. d4 f5 2. g3 Nf6 3. Bg2 g6 4. c3 Nc6 5. Qb3 Bg7 6. Nh3 e6 7. O-O O-O 8. Nd2
d6 9. e4 fxe4 10. Nxe4 Nxe4 11. Bxe4 Kh8 12. Bg5 Qd7 13. Nf4 e5 14. dxe5 Nxe5
15. Nd5 c6 16. Ne7 Nf7 17. Bh4 g5 18. Bxh7 Qxe7 19. Rae1 Qf6 0-1

[Event "SK Sodingen/Castrop 1 - SVG Plettenberg"]
[Site "NRW-Klasse - Gruppe 2 2018/20"]
[Date "2019.03.17"]
[Round "7.5"]
[White "Litwak, Aleksej"]
[Black "Hille, Ralph Ingo"]
[Result "1-0"]
[WhiteElo "2244"]
[BlackElo "2066"]
[PlyCount "135"]
[EventDate "2019.??.??"]
[WhiteTeam "SVG Plettenberg 1"]
[BlackTeam "SK Sodingen/Castrop 1"]

1. e4 Nc6 2. Nf3 d5 3. exd5 Qxd5 4. Nc3 Qa5 5. Bb5 Bd7 6. O-O O-O-O 7. Re1 Nf6
8. Rb1 e6 9. a3 Qb6 10. b4 Nd5 11. Qe2 Nd4 12. Nxd4 Qxd4 13. Ne4 Bxb5 14. Qxb5
Nb6 15. d3 a6 16. Qh5 f6 17. Qh3 Qd5 18. Nc3 Qf5 19. Rxe6 Qxh3 20. gxh3 Kd7 21.
Re2 Bd6 22. Be3 Be5 23. Bd2 Bxc3 24. Bxc3 Rhe8 25. Rbe1 Rxe2 26. Rxe2 Re8 27.
Rxe8 Kxe8 28. Kg2 Kd7 29. Kf3 Ke6 30. Bd4 Nd7 31. Ke4 b6 32. c4 b5 33. f4 f5+
34. Kf3 g6 35. Kg3 c6 36. Kh4 Kf7 37. Kg3 Ke6 38. Kf3 Kf7 39. Ke3 Ke6 40. Kd2
Kd6 41. Kc3 Ke6 42. Kb3 Nf8 43. a4 Kd7 44. h4 Ne6 45. Be5 Nd8 46. d4 Nb7 47. d5
bxa4+ 48. Kxa4 cxd5 49. cxd5 Ke7 50. Kb3 Kd7 51. Kc4 Ke7 52. Bd4 Kd7 53. Bc5
Nd8 54. Bd4 Nb7 55. Bb6 Nd6+ 56. Kd4 Nf7 57. Kc5 Nd6 58. Ba7 Nc8 59. Bb8 Ne7
60. Kd4 Nc8 61. Ke5 Nb6 62. Ba7 Nc4+ 63. Kf6 Kd6 64. Kg7 Kxd5 65. Kxh7 Ke4 66.
Bb8 Ne3 67. Kxg6 Kf3 68. h5 1-0

[Event "SK Sodingen/Castrop 1 - SVG Plettenberg"]
[Site "NRW-Klasse - Gruppe 2 2018/20"]
[Date "2019.03.17"]
[Round "7.6"]
[White "Mueller, Frank"]
[Black "Schulze, Marc"]
[Result "0-1"]
[WhiteElo "1991"]
[BlackElo "2212"]
[PlyCount "52"]
[EventDate "2019.??.??"]
[WhiteTeam "SK Sodingen/Castrop 1"]
[BlackTeam "SVG Plettenberg 1"]

1. e4 c5 2. Nc3 g6 3. g3 Bg7 4. Bg2 Nc6 5. d3 d6 6. Be3 e6 7. Qd2 Nd4 8. Nd1
Nf6 9. h3 Nd7 10. f4 h6 11. c3 Nc6 12. Ne2 Ne7 13. O-O d5 14. Nf2 b6 15. f5
gxf5 16. exd5 Nxd5 17. Bxd5 exd5 18. d4 c4 19. Nf4 Nf6 20. Qe2 h5 21. Rae1 Kf8
22. Qf3 Qd6 23. Ng2 Bh6 24. Nd1 Ne4 25. Bf4 Bxf4 26. gxf4 Nd2 0-1

[Event "SK Sodingen/Castrop 1 - SVG Plettenberg"]
[Site "NRW-Klasse - Gruppe 2 2018/20"]
[Date "2019.03.17"]
[Round "7.7"]
[White "Pieper, Dawid"]
[Black "Rohovoy, Dmitrij"]
[Result "1/2-1/2"]
[WhiteElo "2152"]
[BlackElo "1939"]
[PlyCount "83"]
[EventDate "2019.??.??"]
[WhiteTeam "SVG Plettenberg 1"]
[BlackTeam "SK Sodingen/Castrop 1"]

1. e4 c5 2. Nf3 Nc6 3. Bb5 d6 4. O-O Bd7 5. c3 Nf6 6. Re1 e6 7. d4 cxd4 8. cxd4
Be7 9. Nc3 a6 10. Bxc6 bxc6 11. b3 O-O 12. Bb2 d5 13. e5 Ne8 14. Na4 f6 15. Rc1
f5 16. Nc5 g5 17. Re2 g4 18. Ne1 Bxc5 19. Rxc5 Qh4 20. Nd3 Ng7 21. g3 Qd8 22.
Rec2 Rc8 23. Bc3 h5 24. Bd2 h4 25. Nb4 hxg3 26. fxg3 Qe8 27. Nxa6 Nh5 28. R5c3
Qg6 29. Nc5 Be8 30. Nd3 Rc7 31. a4 Rh7 32. Bf4 Rb7 33. Qd2 Kg7 34. a5 Rh8 35.
a6 Ra7 36. Ra2 Qf7 37. Nb4 Qc7 38. Rc5 Qb6 39. Qc3 Nxf4 40. gxf4 Rh3 41. Qd2
Rxb3 42. Ra4 1/2-1/2

[Event "SK Sodingen/Castrop 1 - SVG Plettenberg"]
[Site "NRW-Klasse - Gruppe 2 2018/20"]
[Date "2019.03.17"]
[Round "7.8"]
[White "Becker, Joerg"]
[Black "Winterkamp, Sascha"]
[Result "1/2-1/2"]
[WhiteElo "2123"]
[BlackElo "1966"]
[PlyCount "94"]
[EventDate "2019.??.??"]
[WhiteTeam "SK Sodingen/Castrop 1"]
[BlackTeam "SVG Plettenberg 1"]

1. d4 Nf6 2. Nf3 c5 3. e3 g6 4. c3 b6 5. Nbd2 Bb7 6. Bd3 Bg7 7. e4 d6 8. O-O
O-O 9. Re1 Nh5 10. Nf1 cxd4 11. cxd4 Nc6 12. Be3 Nb4 13. Bb1 Na6 14. Qd2 Re8
15. Bd3 Rc8 16. Bh6 e5 17. Bb5 Re7 18. Bxg7 Kxg7 19. Rad1 Nc7 20. Ba4 b5 21.
Bb3 Qe8 22. Ng3 Nxg3 23. hxg3 h6 24. dxe5 dxe5 25. Qd6 Na6 26. Bd5 Nc5 27. b4
Bxd5 28. exd5 Nb7 29. Qa6 e4 30. Nd4 e3 31. d6 exf2+ 32. Kxf2 Rxe1 33. Rxe1 Qd7
34. Qxa7 Qxd6 35. Ne6+ fxe6 36. Qxb7+ Rc7 37. Qe4 Rf7+ 38. Kg1 Qxg3 39. Qe5+
Qxe5 40. Rxe5 Ra7 41. Rxe6 Rxa2 42. Rb6 Rb2 43. Rxb5 Kf6 44. Kh2 g5 45. Kg3 h5
46. Kf3 Kg6 47. Rb8 Kf5 1/2-1/2

[Event "Düsseldorfer SK 2 - Kölner SK Dr. Las"]
[Site "NRW-Klasse - Gruppe 2 2018/20"]
[Date "2019.03.17"]
[Round "7.1"]
[White "Paris, Michael"]
[Black "Kohlweyer, Bernd"]
[Result "1/2-1/2"]
[WhiteElo "2129"]
[BlackElo "2296"]
[PlyCount "43"]
[EventDate "2019.??.??"]
[WhiteTeam "Kölner SK Dr. Lasker 1"]
[BlackTeam "Düsseldorfer SK 2"]

1. d4 Nf6 2. Nf3 g6 3. Bf4 Bg7 4. Nc3 d5 5. h3 c6 6. e3 O-O 7. Be2 a6 8. O-O b5
9. Ne5 Nfd7 10. Nd3 Nb6 11. a4 Bf5 12. axb5 Bxd3 13. cxd3 cxb5 14. Qb3 Qd7 15.
Bf3 e6 16. Qb4 Rc8 17. Qa5 Qd8 18. Bxb8 Rcxb8 19. Rfc1 Bf8 20. e4 dxe4 21. Bxe4
Nd5 22. Nxd5 1/2-1/2

[Event "Düsseldorfer SK 2 - Kölner SK Dr. Las"]
[Site "NRW-Klasse - Gruppe 2 2018/20"]
[Date "2019.03.17"]
[Round "7.2"]
[White "Hainke, Guntram"]
[Black "Nagel, Bernhard"]
[Result "1-0"]
[WhiteElo "2319"]
[BlackElo "2151"]
[PlyCount "95"]
[EventDate "2019.??.??"]
[WhiteTeam "Düsseldorfer SK 2"]
[BlackTeam "Kölner SK Dr. Lasker 1"]

1. d4 d5 2. c4 e6 3. Nc3 Nf6 4. cxd5 exd5 5. Bg5 c6 6. e3 Be7 7. Bd3 Nbd7 8.
Nf3 h6 9. Bh4 Ne4 10. Bxe7 Qxe7 11. Qc2 Ndf6 12. O-O Bf5 13. Ne5 Bh7 14. Nxc6
Qe6 15. Ne5 O-O 16. Nxe4 Bxe4 17. Rac1 Rfc8 18. Qb3 Bxd3 19. Nxd3 b6 20. Nf4
Qd7 21. h3 Qf5 22. Qd3 Qd7 23. Qa6 Rc7 24. Rxc7 Qxc7 25. Qb5 Rd8 26. Qb3 Qc6
27. Nd3 Rc8 28. Rc1 Qd7 29. Rc3 Rxc3 30. Qxc3 Qf5 31. Qc2 a5 32. Ne1 Qe6 33.
Nf3 Ne4 34. Ne5 f6 35. Nd3 g5 36. Qc7 Nd2 37. Qc2 Ne4 38. b4 axb4 39. Nxb4 Qd6
40. Qc8+ Kf7 41. a3 Nd2 42. Qf5 Nc4 43. Nxd5 Nxa3 44. Qh7+ Ke8 45. Qg8+ Kd7 46.
Qg7+ Kc6 47. Nxf6 b5 48. Qa7 1-0

[Event "Düsseldorfer SK 2 - Kölner SK Dr. Las"]
[Site "NRW-Klasse - Gruppe 2 2018/20"]
[Date "2019.03.17"]
[Round "7.3"]
[White "Kloss, Henning"]
[Black "Lauzeningks, Jan"]
[Result "1-0"]
[WhiteElo "2142"]
[BlackElo "2289"]
[PlyCount "135"]
[EventDate "2019.??.??"]
[WhiteTeam "Kölner SK Dr. Lasker 1"]
[BlackTeam "Düsseldorfer SK 2"]

1. d4 Nf6 2. c4 g6 3. Nc3 Bg7 4. e4 d6 5. f3 O-O 6. Be3 c6 7. Nge2 a6 8. c5
Nbd7 9. Nc1 b5 10. cxb6 Qxb6 11. Qd2 Rb8 12. Na4 Qb4 13. Qxb4 Rxb4 14. b3 c5
15. Nd3 Rb8 16. Rc1 cxd4 17. Bxd4 e5 18. Ba7 Ra8 19. Be3 d5 20. Ndc5 dxe4 21.
fxe4 Nxc5 22. Bxc5 Re8 23. Nb6 Rb8 24. Nxc8 Rexc8 25. Bxa6 Rc6 26. Bd3 Rbc8 27.
b4 Bf8 28. O-O Nh5 29. Bc4 Bxc5+ 30. bxc5 Nf4 31. g3 Nh3+ 32. Kg2 Ng5 33. Bd5
Rxc5 34. Rxc5 Rxc5 35. h4 Ne6 36. Bxe6 fxe6 37. a4 Ra5 38. Ra1 Kf7 39. Kf3 Ke7
40. Ke3 Kd6 41. Ra3 Kc5 42. Rc3+ Kb6 43. Rc4 Ra6 44. Kd3 Ka5 45. Rc7 Kb4 46.
Rxh7 Rxa4 47. Ke3 Ra3+ 48. Kf2 Kc4 49. Rd7 Ra2+ 50. Kf3 Ra3+ 51. Kg4 Re3 52.
Rd6 Rxe4+ 53. Kf3 Re1 54. Rxe6 Kd5 55. Rxg6 e4+ 56. Kf2 Rh1 57. Rg8 Kd4 58.
Rd8+ Ke5 59. Kg2 Ra1 60. h5 Ra6 61. Re8+ Kf5 62. Kh3 Ra1 63. g4+ Kf4 64. Rf8+
Ke3 65. Kg2 Ra6 66. Kg3 Re6 67. g5 Kd2 68. g6 1-0

[Event "Düsseldorfer SK 2 - Kölner SK Dr. Las"]
[Site "NRW-Klasse - Gruppe 2 2018/20"]
[Date "2019.03.17"]
[Round "7.4"]
[White "Hoenig, Alexander"]
[Black "Lindam, Ingo"]
[Result "1-0"]
[WhiteElo "2155"]
[BlackElo "2123"]
[PlyCount "95"]
[EventDate "2019.??.??"]
[WhiteTeam "Düsseldorfer SK 2"]
[BlackTeam "Kölner SK Dr. Lasker 1"]

1. d4 Nf6 2. c4 g6 3. Nc3 Bg7 4. e4 d6 5. f3 O-O 6. Be3 c5 7. Nge2 Nc6 8. Qd2
Qa5 9. O-O-O a6 10. Kb1 b5 11. dxc5 dxc5 12. Nd5 b4 13. Nc1 Nxd5 14. Qxd5 Rd8
15. Qxc6 Rxd1 16. Qxa8 Qc7 17. Kc2 Rd8 18. Nd3 Qa5 19. Kb1 Be6 20. Qc6 Bxc4 21.
Nc1 Bxa2+ 22. Nxa2 b3 23. Nc1 Rd1 24. Qe8+ Bf8 25. Qxf7+ Kxf7 26. Bc4+ Ke8 27.
Rxd1 Qb4 28. Bxa6 Bg7 29. Rd5 c4 30. Bb5+ Kf7 31. Rc5 c3 32. bxc3 Bxc3 33. Bc4+
Kg7 34. Nxb3 Bf6 35. Bd2 Qb8 36. f4 Bd4 37. Rd5 Bb6 38. Rd7 Bc5 39. Kc2 Ba3 40.
Nd4 Qb2+ 41. Kd3 Qb1+ 42. Ke3 Bc5 43. Kf3 Kh6 44. f5+ g5 45. Ne6 Qg1 46. Bxg5+
Kh5 47. Rd2 Qh1 48. h4 1-0

[Event "Düsseldorfer SK 2 - Kölner SK Dr. Las"]
[Site "NRW-Klasse - Gruppe 2 2018/20"]
[Date "2019.03.17"]
[Round "7.5"]
[White "Loseries, Uwe"]
[Black "von Buenau, Heinrich"]
[Result "0-1"]
[WhiteElo "2116"]
[BlackElo "2145"]
[PlyCount "80"]
[EventDate "2019.??.??"]
[WhiteTeam "Kölner SK Dr. Lasker 1"]
[BlackTeam "Düsseldorfer SK 2"]

1. d4 Nf6 2. c4 e6 3. Nf3 c5 4. d5 b5 5. Bg5 exd5 6. cxd5 h6 7. Bh4 d6 8. e4
Be7 9. Bxb5+ Bd7 10. Bxd7+ Nbxd7 11. Nc3 O-O 12. O-O Rb8 13. Rb1 Re8 14. Re1
Nh5 15. Bxe7 Qxe7 16. Nd2 Nf4 17. Qf3 Ng6 18. Nc4 Nde5 19. Nxe5 Nxe5 20. Qg3 c4
21. Re2 Qf6 22. Qe3 Re7 23. Rc1 Nd3 24. Rcc2 Reb7 25. Nd1 Rb4 26. g3 g5 27. f3
a5 28. Kg2 a4 29. Qd2 a3 30. bxa3 Rb1 31. Rxc4 Qa1 32. Qxd3 Rxd1 33. Qc3 Rg1+
34. Kf2 Qf1+ 35. Ke3 Rh1 36. Rc8+ Rxc8 37. Qxc8+ Kh7 38. Qc3 Qg1+ 39. Kd3 Qb1+
40. Kd2 Rd1+ 0-1

[Event "Düsseldorfer SK 2 - Kölner SK Dr. Las"]
[Site "NRW-Klasse - Gruppe 2 2018/20"]
[Date "2019.03.17"]
[Round "7.6"]
[White "Berndt, Axel"]
[Black "Diesner, Michael"]
[Result "1/2-1/2"]
[WhiteElo "2125"]
[BlackElo "2074"]
[PlyCount "45"]
[EventDate "2019.??.??"]
[WhiteTeam "Düsseldorfer SK 2"]
[BlackTeam "Kölner SK Dr. Lasker 1"]

1. e4 c5 2. c3 d5 3. exd5 Qxd5 4. d4 Nf6 5. Nf3 e6 6. Na3 a6 7. Nc4 Nbd7 8. Be2
b5 9. Ne3 Qd6 10. a4 b4 11. Nc4 Qc7 12. O-O Bb7 13. Bg5 bxc3 14. bxc3 Ne4 15.
Qd3 Nxg5 16. Nxg5 Be7 17. Ne4 O-O 18. Bf3 Rfd8 19. Qe2 cxd4 20. cxd4 Rac8 21.
Ncd2 Nf6 22. Rab1 Nd5 23. Nb3 1/2-1/2

[Event "Düsseldorfer SK 2 - Kölner SK Dr. Las"]
[Site "NRW-Klasse - Gruppe 2 2018/20"]
[Date "2019.03.17"]
[Round "7.7"]
[White "Mews, Bernhard"]
[Black "Luncescu, Christian"]
[Result "0-1"]
[WhiteElo "1969"]
[BlackElo "2129"]
[PlyCount "84"]
[EventDate "2019.??.??"]
[WhiteTeam "Kölner SK Dr. Lasker 1"]
[BlackTeam "Düsseldorfer SK 2"]

1. d4 Nf6 2. Bf4 d5 3. e3 Bf5 4. c4 c5 5. Qb3 Qb6 6. dxc5 Qxb3 7. axb3 Nc6 8.
Nc3 e5 9. Bg5 dxc4 10. Bxc4 Ne4 11. Nxe4 Bxe4 12. f3 Bg6 13. Rc1 f6 14. Bh4
Bxc5 15. Bf7+ Bxf7 16. Rxc5 O-O-O 17. Ne2 Bxb3 18. Nc3 Rd3 19. O-O Rhd8 20. f4
exf4 21. exf4 Rd2 22. Rb1 Bc2 23. Ra1 a6 24. b4 Bd3 25. b5 Bxb5 26. Nxb5 Rd1+
27. Rxd1 Rxd1+ 28. Kf2 axb5 29. Rxb5 Rd2+ 30. Kf1 Rd4 31. Bg3 Rb4 32. Rc5 Kd7
33. Rc3 b5 34. Rd3+ Rd4 35. Rb3 b4 36. Ke2 Kd6 37. Ke3 Kd5 38. Be1 Re4+ 39. Kd2
Rxf4 40. Rg3 g6 41. Kc2 Kc4 42. Re3 f5 0-1

[Event "Düsseldorfer SK 2 - Kölner SK Dr. Las"]
[Site "NRW-Klasse - Gruppe 2 2018/20"]
[Date "2019.03.17"]
[Round "7.8"]
[White "Krejci, Martin"]
[Black "Strohmeyer, Jochen"]
[Result "0-1"]
[WhiteElo "2092"]
[BlackElo "2139"]
[PlyCount "50"]
[EventDate "2019.??.??"]
[WhiteTeam "Düsseldorfer SK 2"]
[BlackTeam "Kölner SK Dr. Lasker 1"]

1. e4 Nc6 2. Nf3 Nf6 3. Nc3 d5 4. e5 Nd7 5. Bb5 Nb6 6. Nd4 Bd7 7. Bxc6 bxc6 8.
e6 Bxe6 9. Nxe6 fxe6 10. Qh5+ Kd7 11. O-O Qe8 12. Qh3 Qf7 13. d3 g6 14. Bd2 h5
15. Rae1 Bg7 16. Re2 Qf5 17. Qh4 Bf6 18. Qb4 Qg4 19. Qxg4 hxg4 20. Bf4 Raf8 21.
Bg3 Bh4 22. Be5 Rh5 23. Rfe1 Rxe5 24. Rxe5 Bxf2+ 25. Kf1 Bd4+ 0-1

[Event "Südlohner SV 1 - Gütersloher SV 1"]
[Site "NRW-Klasse - Gruppe 2 2018/20"]
[Date "2019.03.17"]
[Round "7.2"]
[White "Kolakovic, Klaudio"]
[Black "Ebert, Manuel"]
[Result "0-1"]
[WhiteElo "2080"]
[BlackElo "2141"]
[PlyCount "58"]
[EventDate "2019.??.??"]
[WhiteTeam "Südlohner SV 1"]
[BlackTeam "Gütersloher SV 1"]

1. e4 c5 2. Nf3 e6 3. c4 a6 4. Nc3 Qc7 5. d4 cxd4 6. Nxd4 Nf6 7. Bd3 d6 8. Be3
Be7 9. O-O O-O 10. a4 Nc6 11. Nxc6 bxc6 12. a5 c5 13. Na4 Bb7 14. f3 Nd7 15. f4
Qxa5 16. Rf3 Qc7 17. Rh3 g6 18. Nc3 Rab8 19. Qd2 Rfe8 20. g4 Nf6 21. Qg2 d5 22.
cxd5 exd5 23. Nxd5 Bxd5 24. exd5 c4 25. Rc1 Bc5 26. Bxc5 Qxc5+ 27. Kf1 Nxd5 28.
Bxc4 Ne3+ 29. Rxe3 Qxe3 0-1

[Event "Südlohner SV 1 - Gütersloher SV 1"]
[Site "NRW-Klasse - Gruppe 2 2018/20"]
[Date "2019.03.17"]
[Round "7.3"]
[White "Kretschmann, Michael"]
[Black "Voelker, Christian"]
[Result "0-1"]
[WhiteElo "2075"]
[BlackElo "2065"]
[PlyCount "90"]
[EventDate "2019.??.??"]
[WhiteTeam "Gütersloher SV 1"]
[BlackTeam "Südlohner SV 1"]

1. g3 c5 2. Bg2 Nc6 3. d3 g6 4. Nf3 Bg7 5. O-O d6 6. e4 e5 7. Nbd2 Nge7 8. a4
O-O 9. Nc4 h6 10. c3 Be6 11. Qe2 Qd7 12. Bd2 f5 13. exf5 gxf5 14. Rfe1 Ng6 15.
Rad1 Rae8 16. b4 Bxc4 17. dxc4 b6 18. b5 Na5 19. h4 e4 20. Nh2 Ne5 21. Qh5 Qf7
22. Qxf7+ Kxf7 23. g4 Nd3 24. gxf5 Nxe1 25. Rxe1 Nxc4 26. Bf4 d5 27. Ng4 h5 28.
Nh6+ Ke7 29. Bg5+ Bf6 30. f3 Kd7 31. fxe4 Bxc3 32. Rc1 Bd4+ 33. Kh1 Ne3 34. Bh3
Rxe4 35. f6+ Ng4 36. Rf1 Ke6 37. f7 Bg7 38. Nf5 Rxf7 39. Nxg7+ Rxg7 40. Rf6+
Ke5 41. Rf8 Rg6 42. Kg1 c4 43. Rf7 c3 44. Rc7 Kd4 45. Kf1 Rge6 0-1

[Event "Südlohner SV 1 - Gütersloher SV 1"]
[Site "NRW-Klasse - Gruppe 2 2018/20"]
[Date "2019.03.17"]
[Round "7.4"]
[White "Engels, Natia"]
[Black "Hanhoerster, Stephan"]
[Result "1/2-1/2"]
[WhiteElo "2047"]
[BlackElo "1986"]
[PlyCount "128"]
[EventDate "2019.??.??"]
[WhiteTeam "Südlohner SV 1"]
[BlackTeam "Gütersloher SV 1"]

1. d4 d5 2. c4 dxc4 3. e4 e5 4. d5 Nf6 5. Nc3 Bd6 6. Bxc4 a6 7. a4 Nbd7 8. Nf3
Nf8 9. O-O Ng6 10. Qd3 O-O 11. Ne2 Nh5 12. Bg5 f6 13. Bd2 Qe8 14. Ng3 Ngf4 15.
Qe3 Bd7 16. a5 Qg6 17. Nh4 Qg4 18. Nhf5 Bxf5 19. exf5 Nxg2 20. Qe2 Qxe2 21.
Bxe2 Nhf4 22. Bf3 Nh4 23. Be4 g6 24. Be3 Kf7 25. Rfd1 Rg8 26. Kf1 g5 27. Rac1
g4 28. Bc5 Rac8 29. Rc3 Ke7 30. Rdc1 Kd7 31. b4 h5 32. Rb1 b6 33. Bxd6 cxd6 34.
Rxc8 Rxc8 35. axb6 Rb8 36. Ke1 Rxb6 37. Kd2 Nf3+ 38. Kc3 h4 39. Nf1 Ne2+ 40.
Kc4 Rb7 41. Ra1 Rc7+ 42. Kb3 Nfd4+ 43. Kb2 Rb7 44. Ra4 a5 45. Ne3 axb4 46. Ra8
Nc3 47. Bd3 e4 48. Ba6 Rc7 49. Rg8 Na4+ 50. Kb1 Rc3 51. Nxg4 Ra3 52. Nxf6+ Kc7
53. Nxe4 Kb6 54. Bc4 Nc3+ 55. Nxc3 Rxc3 56. Rb8+ Ka5 57. Ra8+ Kb6 58. Rb8+ Kc7
59. Rxb4 Nxf5 60. Be2 Rc5 61. Bf3 Ne7 62. Rxh4 Nxd5 63. Bxd5 Rxd5 64. Kc2 Kc6
1/2-1/2

[Event "Südlohner SV 1 - Gütersloher SV 1"]
[Site "NRW-Klasse - Gruppe 2 2018/20"]
[Date "2019.03.17"]
[Round "7.5"]
[White "Grochtmann, Stephan"]
[Black "Teloeken, Daniel"]
[Result "1/2-1/2"]
[WhiteElo "1985"]
[BlackElo "1920"]
[PlyCount "86"]
[EventDate "2019.??.??"]
[WhiteTeam "Gütersloher SV 1"]
[BlackTeam "Südlohner SV 1"]

1. Nc3 c5 2. Nf3 Nc6 3. d4 cxd4 4. Nxd4 g6 5. Nxc6 bxc6 6. Qd4 Nf6 7. Ne4 Bg7
8. Bg5 O-O 9. Bxf6 exf6 10. Nd6 f5 11. Qb4 Ba6 12. c3 Rb8 13. Qa3 Qb6 14. O-O-O
f4 15. e4 Bxf1 16. Rhxf1 Rfd8 17. Kc2 Be5 18. Qb3 Qc5 19. Qxf7+ Kh8 20. Rd3
Bxd6 21. Qf6+ Kg8 22. Qxd6 Qh5 23. f3 Qxh2 24. Rd2 Qh5 25. Kc1 Qb5 26. Rh1 Qg5
27. g4 fxg3 28. Rg1 Kg7 29. Rxg3 Qf6 30. Qc7 Qe7 31. Qxa7 Ra8 32. Qd4+ Kg8 33.
a3 d5 34. Rh2 Qf7 35. Rhg2 dxe4 36. Qxe4 Re8 37. Qxc6 Re1+ 38. Kd2 Rae8 39. Qd6
R1e6 40. Qd3 Qf4+ 41. Kc2 Qa4+ 42. Kd2 Qf4+ 43. Kc2 Qa4+ 1/2-1/2

[Event "Südlohner SV 1 - Gütersloher SV 1"]
[Site "NRW-Klasse - Gruppe 2 2018/20"]
[Date "2019.03.17"]
[Round "7.6"]
[White "Teloeken, Andreas"]
[Black "Asani, Baskim"]
[Result "1/2-1/2"]
[WhiteElo "2013"]
[BlackElo "1901"]
[PlyCount "90"]
[EventDate "2019.??.??"]
[WhiteTeam "Südlohner SV 1"]
[BlackTeam "Gütersloher SV 1"]

1. Nf3 f5 2. c4 d6 3. d4 e6 4. Nc3 Nf6 5. g3 Ne4 6. Qc2 Nxc3 7. Qxc3 Be7 8. Bg2
O-O 9. O-O a5 10. Ne1 Nc6 11. Nc2 Bf6 12. e4 e5 13. d5 Ne7 14. f3 f4 15. c5 Bd7
16. Na3 g5 17. cxd6 cxd6 18. Bd2 b5 19. Qd3 Rc8 20. Rac1 Qb6+ 21. Kh1 b4 22.
Nc4 Qa6 23. Rfd1 Bb5 24. b3 Rc7 25. Bf1 Rfc8 26. Qe2 Kg7 27. Qg2 fxg3 28. hxg3
Ng6 29. Qh3 h5 30. Nxd6 Qxd6 31. Bxb5 Rxc1 32. Rxc1 g4 33. fxg4 Rxc1+ 34. Bxc1
Qc5 35. Bc4 Qd4 36. gxh5 Qxe4+ 37. Qg2 Qe1+ 38. Qg1 Qe4+ 39. Kh2 Qc2+ 40. Kh3
Qf5+ 41. Kg2 Qxh5 42. Qa7+ Kh8 43. d6 Nh4+ 44. gxh4 Qg4+ 45. Kf1 Qd1+ 1/2-1/2

[Event "Südlohner SV 1 - Gütersloher SV 1"]
[Site "NRW-Klasse - Gruppe 2 2018/20"]
[Date "2019.03.17"]
[Round "7.7"]
[White "Wulfhorst, Noah"]
[Black "Hater, Wolfgang"]
[Result "1-0"]
[WhiteElo "1846"]
[BlackElo "2016"]
[PlyCount "143"]
[EventDate "2019.??.??"]
[WhiteTeam "Gütersloher SV 1"]
[BlackTeam "Südlohner SV 1"]

1. c4 e5 2. g3 Be7 3. Bg2 d6 4. Nc3 c6 5. d3 Nf6 6. Nf3 Nbd7 7. O-O O-O 8. Nd2
Nh5 9. b4 f5 10. b5 c5 11. e4 Ndf6 12. exf5 Bxf5 13. Nde4 Bg4 14. Qe1 Qd7 15.
Bg5 Kh8 16. Bxf6 gxf6 17. Nd5 Rae8 18. Qd2 Ng7 19. f4 f5 20. Nec3 Bd8 21. Rae1
Ba5 22. fxe5 dxe5 23. Rc1 Ne6 24. Qh6 Bd8 25. Qe3 Nd4 26. Qf2 Ba5 27. Kh1 Qg7
28. Nd1 Be2 29. N1e3 Bxd3 30. Rfd1 Be4 31. Rf1 Bxg2+ 32. Qxg2 f4 33. gxf4 exf4
34. Qxg7+ Kxg7 35. Ng4 h5 36. Nf2 Re2 37. Nd3 Bd2 38. Rcd1 Ne6 39. a4 Kg6 40.
Ne7+ Kf6 41. Nd5+ Kg5 42. Nf2 Kh4 43. Ne7 Rf7 44. Ng6+ Kg5 45. Rg1+ Kf5 46.
Nh4+ Kf6 47. Rxd2 Rxd2 48. Ne4+ Ke5 49. Nxd2 Kd4 50. Rg6 Kd3 51. Nhf3 Re7 52.
Rf6 Ke3 53. Kg2 Nd4 54. Nf1+ Kd3 55. Nxd4 cxd4 56. c5 Re2+ 57. Kf3 Re1 58. Kf2
Re2+ 59. Kg1 Ra2 60. Rf7 Ke4 61. Rxb7 Kf3 62. Rg7 Rxa4 63. c6 Ra2 64. h4 Rb2
65. c7 Rc2 66. Rd7 Ke4 67. Nd2+ Ke3 68. Nb3 f3 69. Re7+ Kf4 70. Rf7+ Ke3 71.
Rxf3+ Kxf3 72. Nxd4+ 1-0

[Event "SF Essen-Katernberg  1 - SK Königsspri"]
[Site "NRW-Klasse - Gruppe 2 2018/20"]
[Date "2019.03.17"]
[Round "7.1"]
[White "Scheider, Julian"]
[Black "Tomic, Bosko"]
[Result "0-1"]
[WhiteElo "2320"]
[BlackElo "2355"]
[PlyCount "48"]
[EventDate "2019.??.??"]
[WhiteTeam "SK Königsspringer Iserlohn 1"]
[BlackTeam "SF Essen-Katernberg  1"]

1. e4 c5 2. Nf3 Nc6 3. d4 cxd4 4. Nxd4 g6 5. Nc3 Bg7 6. Be3 Qa5 7. a3 Nf6 8. b4
Qc7 9. Be2 O-O 10. O-O a6 11. Nd5 Nxd5 12. exd5 Ne5 13. c4 Nxc4 14. Qc1 b5 15.
a4 Rb8 16. axb5 axb5 17. Nxb5 Rxb5 18. Ra7 Qb8 19. Bxc4 Rxb4 20. Be2 Be5 21. g3
Bd4 22. Ra5 Qb6 23. Bxd4 Qxa5 24. Qc3 Ra4 0-1

[Event "SF Essen-Katernberg  1 - SK Königsspri"]
[Site "NRW-Klasse - Gruppe 2 2018/20"]
[Date "2019.03.17"]
[Round "7.3"]
[White "Schmitz, Philipp"]
[Black "Kueppers, Timo"]
[Result "0-1"]
[WhiteElo "2183"]
[BlackElo "2238"]
[PlyCount "120"]
[EventDate "2019.??.??"]
[WhiteTeam "SK Königsspringer Iserlohn 1"]
[BlackTeam "SF Essen-Katernberg  1"]

1. e4 c5 2. Nf3 d6 3. d4 cxd4 4. Nxd4 Nf6 5. Nc3 a6 6. h3 e6 7. g4 Be7 8. Be3
Nfd7 9. a4 Nc6 10. Bg2 O-O 11. O-O Qc7 12. Qd2 Nde5 13. b3 Nxd4 14. Bxd4 Nc6
15. Be3 Bd7 16. Ne2 Na5 17. Qd3 b5 18. axb5 axb5 19. Nd4 Rab8 20. Bd2 b4 21. c4
bxc3 22. Rfc1 Nxb3 23. Nxb3 Rxb3 24. Rxc3 Rxc3 25. Bxc3 Bb5 26. Qd2 Bc6 27. Rc1
Qb7 28. Bxg7 Kxg7 29. Qc3+ Bf6 30. Qxc6 Qxc6 31. Rxc6 Be5 32. Kf1 Rb8 33. Rc2
Kf6 34. Ra2 Kg5 35. Ke2 Bd4 36. Rc2 Rb7 37. Rd2 Bc5 38. Rc2 Rb5 39. Ra2 Kf4 40.
Rc2 Rb1 41. Ra2 Bb4 42. Ra7 f6 43. e5 dxe5 44. Kd3 Rd1+ 45. Kc4 Rd4+ 46. Kb3
Be1 47. Ra6 Bxf2 48. Rxe6 Bh4 49. Rc6 Kg3 50. Rc2 Bg5 51. Re2 h6 52. Kc3 Rd2
53. Bf1 Rd1 54. Bg2 Rg1 55. Be4 Kxh3 56. Bf5 Rg3+ 57. Kc4 Rf3 58. Kd5 h5 59.
Re4 h4 60. Re1 Kg3 0-1

[Event "SF Essen-Katernberg  1 - SK Königsspri"]
[Site "NRW-Klasse - Gruppe 2 2018/20"]
[Date "2019.03.17"]
[Round "7.4"]
[White "Neuer, Thomas"]
[Black "Runtemund, Rene"]
[Result "1/2-1/2"]
[WhiteElo "2132"]
[BlackElo "2035"]
[PlyCount "24"]
[EventDate "2019.??.??"]
[WhiteTeam "SF Essen-Katernberg  1"]
[BlackTeam "SK Königsspringer Iserlohn 1"]

1. Nf3 e6 2. g3 f5 3. c4 Nf6 4. Bg2 d5 5. O-O c6 6. d3 Bd6 7. Nc3 Bc7 8. e4
dxe4 9. dxe4 Qxd1 10. Rxd1 O-O 11. a3 a5 12. Be3 Nbd7 1/2-1/2

[Event "SF Essen-Katernberg  1 - SK Königsspri"]
[Site "NRW-Klasse - Gruppe 2 2018/20"]
[Date "2019.03.17"]
[Round "7.5"]
[White "Klauke, Stefan"]
[Black "Villwock, Martin"]
[Result "0-1"]
[WhiteElo "2119"]
[BlackElo "2166"]
[Annotator "Daniel"]
[PlyCount "84"]
[EventDate "2019.??.??"]
[WhiteTeam "SK Königsspringer Iserlohn 1"]
[BlackTeam "SF Essen-Katernberg  1"]

1. e4 e5 2. Nf3 Nc6 3. Nc3 Nf6 4. Bb5 Bc5 5. O-O O-O 6. Nxe5 Nxe5 7. d4 Bd6 8.
f4 Neg4 9. h3 Bb4 10. hxg4 Bxc3 11. bxc3 Nxe4 12. Qf3 d5 13. Ba3 Nd2 14. Qe2
Nxf1 15. Rxf1 a6 16. Bxf8 axb5 17. Bb4 Bd7 18. Qf3 Qh4 19. f5 Re8 20. f6 Bxg4
21. Qf4 gxf6 22. Qxc7 Qg5 23. Qf4 $11 Bh5 24. Qxf6 Qxf6 25. Rxf6 Bg6 26. Rd6
Re2 27. Rd8+ Kg7 28. Bf8+ Kf6 29. Rd6+ Kg5 30. Rxd5+ Kg4 31. Rxb5 Be4 32. d5
Rxg2+ 33. Kf1 Rxc2 34. Rxb7 Bxd5 35. Rc7 Bxa2 36. Ke1 Be6 37. Bh6 Rh2 38. Bd2
Kf3 39. Kd1 h5 40. Rc5 h4 41. Kc1 h3 42. Rh5 Rg2 0-1